000 00241nam a2200109 4500
999 _c8253
_d8253
003 OSt
005 20201008121648.0
008 201008b ||||| |||| 00| 0 eng d
082 _a707
_bHAL
245 _aArt materials and terms used
942 _2ddc